[Event "NK senioren en veteranen 2017"]
[Site "Dieren, Netherlands"]
[Date "2017.07.18"]
[Round "4"]
[White "Overeem, Marc"]
[Black "Schouten, Henk"]
[Result "1/2-1/2"]
[WhiteElo "2204"]
[BlackElo "2103"]
[PlyCount "126"]
[EventDate "2017.??.??"]

1. c4 c5 2. Nf3 g6 3. d4 cxd4 4. Nxd4 Bg7 5. e4 Nc6 6. Be3 d6 7. Nc3 Nf6 8. Be2
O-O 9. O-O Bd7 10. Qd2 Ng4 11. Bxg4 Bxg4 12. f4 Bd7 13. Rad1 Nxd4 14. Bxd4 Bc6
15. Kh1 Qc7 16. Bxg7 Kxg7 17. f5 Qa5 18. Rf3 Qe5 19. Rh3 Kg8 20. Qh6 Qg7 21.
Qh4 Rfe8 22. Rf3 Rad8 23. Rdf1 g5 24. Qf2 b6 25. f6 exf6 26. Rxf6 Rd7 27. Qd2
Bxe4 28. Rxd6 Rxd6 29. Qxd6 Qe5 30. Qd7 Re7 31. Qd2 h6 32. Rd1 Kg7 33. Kg1 Bc6
34. Qd4 Qxd4+ 35. Rxd4 Kf6 36. Kf2 Ke5 37. Rd8 Re8 38. Rd2 f5 39. Nb5 Bxb5 40.
cxb5 Rc8 41. Rd7 Rc2+ 42. Kf3 g4+ 43. Kg3 f4+ 44. Kxg4 Rxg2+ 45. Kf3 Rxh2 46.
Re7+ Kf6 47. Rxa7 Rxb2 48. a4 Rb4 49. Rb7 Rxa4 50. Rxb6+ Kg5 51. Rb8 Ra3+ 52.
Kg2 Rg3+ 53. Kf2 Rb3 54. b6 Kg4 55. Rg8+ Kh3 56. Rf8 Rb2+ 57. Kf3 Rxb6 58. Rxf4
h5 59. Rf8 h4 60. Kf2 Kh2 61. Rg8 Rf6+ 62. Ke2 h3 63. Rg7 Kh1 1/2-1/2

[Event "NK senioren en veteranen 2017"]
[Site "Dieren, Netherlands"]
[Date "2017.07.18"]
[Round "4"]
[White "Van Rijn, Anton"]
[Black "Smeets, Pierre"]
[Result "1-0"]
[WhiteElo "2163"]
[BlackElo "1997"]
[PlyCount "75"]
[EventDate "2017.??.??"]

1. d4 d5 2. c4 c6 3. Nc3 Nf6 4. e3 Bf5 5. cxd5 cxd5 6. Qb3 Nc6 7. Qxb7 Bd7 8.
Qb3 Rb8 9. Qd1 e5 10. Nf3 Bd6 11. dxe5 Nxe5 12. Be2 O-O 13. O-O Qc7 14. Nd4 Nc4
15. b3 Nxe3 16. Bxe3 Qxc3 17. Rc1 Qa5 18. Nc6 Bxc6 19. Rxc6 Rfd8 20. Ra6 Qc7
21. Rxa7 Rb7 22. Rxb7 Qxb7 23. Bd4 Ne4 24. Qd3 Qe7 25. g3 g6 26. Qe3 f5 27. f3
Nc5 28. Qxe7 Bxe7 29. Rc1 Ne6 30. Bf2 Kf7 31. Kf1 Ra8 32. a4 Rb8 33. Bb5 Bf6
34. Ke2 Bd4 35. Be3 f4 36. gxf4 Bxe3 37. Kxe3 d4+ 38. Ke4 1-0

[Event "NK senioren en veteranen 2017"]
[Site "Dieren, Netherlands"]
[Date "2017.07.18"]
[Round "4"]
[White "Van den Berg, Ad"]
[Black "Schouten, Nico"]
[Result "1-0"]
[WhiteElo "2210"]
[BlackElo "2159"]
[PlyCount "105"]
[EventDate "2017.??.??"]

1. d4 Nf6 2. c4 g6 3. Nc3 Bg7 4. g3 O-O 5. Bg2 c5 6. d5 d6 7. Nf3 Na6 8. O-O
Nc7 9. e4 Rb8 10. a4 a6 11. a5 b5 12. axb6 Rxb6 13. Qc2 Bg4 14. Nd2 e5 15. Nb3
Nfe8 16. Na5 Bd7 17. Bd2 f5 18. f3 Nf6 19. b3 Qe7 20. Na4 Rbb8 21. Rad1 Qe8 22.
Rde1 Nh5 23. Bh3 Qf7 24. Nc3 Rbe8 25. Qc1 Rb8 26. Qd1 Rfe8 27. Bc1 Bf6 28. Nc6
Rb7 29. Qc2 Ng7 30. f4 Bxc6 31. dxc6 Rb6 32. exf5 Rxc6 33. fxg6 hxg6 34. fxe5
dxe5 35. Bg2 e4 36. Rxe4 Rce6 37. Rxe6 Ngxe6 38. Nd5 Qg7 39. Qd1 Be5 40. Qg4
Nf8 41. Nxc7 Bxc7 42. Bd5+ Kh8 43. Rf7 Re1+ 44. Kg2 Qxf7 45. Bxf7 Rxc1 46. Bxg6
Kg7 47. Be4+ Kf6 48. Qc8 Bd6 49. Qxa6 Ke5 50. Qc6 Rd1 51. Bd5 Rd2+ 52. Kh3 Rb2
53. Qb7 1-0

[Event "NK senioren en veteranen 2017"]
[Site "Dieren, Netherlands"]
[Date "2017.07.18"]
[Round "4"]
[White "Sprinkhuizen, Arno"]
[Black "Van Lanen, Toon"]
[Result "0-1"]
[WhiteElo "2026"]
[BlackElo "2108"]
[PlyCount "114"]
[EventDate "2017.??.??"]

1. e4 d5 2. exd5 Qxd5 3. Nc3 Qd6 4. d4 Nf6 5. Nf3 a6 6. Bd3 Bg4 7. h3 Bh5 8.
Ne4 Nxe4 9. Bxe4 Nd7 10. c3 c6 11. Qb3 Rb8 12. Bg5 e6 13. Bh4 Qc7 14. O-O Be7
15. Bxe7 Kxe7 16. c4 Rhd8 17. Qe3 Bxf3 18. Bxf3 Nf6 19. Rfd1 Kf8 20. a4 a5 21.
Rd3 Rd7 22. Rad1 Rbd8 23. Be2 b6 24. Qe5 Qxe5 25. dxe5 Rxd3 26. Rxd3 Rxd3 27.
Bxd3 Nd7 28. f4 f6 29. exf6 Nxf6 30. Kf2 Ke7 31. Ke3 Kd6 32. g4 h6 33. b3 g5
34. fxg5 hxg5 35. Kd4 c5+ 36. Ke3 Ke5 37. Bg6 Ng8 38. Bf7 Ne7 39. Be8 Nc8 40.
Bd7 Nd6 41. Bc6 Kf6 42. Kf3 Nf7 43. Be8 Nd8 44. Ke3 Ke7 45. Bb5 e5 46. Ke4 Kd6
47. Kf5 Ne6 48. Ba6 Nf4 49. Kxg5 Nxh3+ 50. Kf5 Nf4 51. g5 Ne6 52. g6 Ng7+ 53.
Kf6 Nh5+ 54. Kf7 Kc7 55. g7 Nxg7 56. Kxg7 e4 57. Bb5 e3 0-1

[Event "NK senioren en veteranen 2017"]
[Site "Dieren, Netherlands"]
[Date "2017.07.18"]
[Round "4"]
[White "Hoogland, Dirk"]
[Black "Perrenet, Jacob"]
[Result "0-1"]
[WhiteElo "2084"]
[BlackElo "2086"]
[PlyCount "108"]
[EventDate "2017.??.??"]

1. c4 Nc6 2. g3 e5 3. Bg2 Bc5 4. Nc3 d6 5. Nf3 Be6 6. d3 Qd7 7. a3 a5 8. e3 Bh3
9. O-O Bxg2 10. Kxg2 f6 11. d4 Ba7 12. d5 Nd8 13. b4 Ne7 14. Bb2 O-O 15. Rc1
Nf7 16. h4 axb4 17. axb4 Nf5 18. Qd3 N7h6 19. Nb5 e4 20. Qxe4 Rfe8 21. Qd3 Bxe3
22. Rce1 Ng4 23. Nbd4 Bxd4 24. Rxe8+ Rxe8 25. Bxd4 Ne5 26. Bxe5 dxe5 27. Nd2
Nd6 28. Re1 f5 29. Qb3 e4 30. c5 Nf7 31. Rd1 f4 32. Nf1 e3 33. fxe3 f3+ 34.
Kxf3 Ne5+ 35. Ke2 Qg4+ 36. Kd2 Ra8 37. Rc1 Kf8 38. d6 cxd6 39. Qd5 Qxb4+ 40.
Rc3 Rd8 41. Kc2 Qa4+ 42. Qb3 Qe4+ 43. Kc1 dxc5 44. Qb6 Qd5 45. Qb3 c4 46. Qa3+
Ke8 47. Qa4+ b5 48. Qc2 b4 49. Qa4+ Rd7 50. e4 Nd3+ 51. Kc2 Qxe4 52. Nd2 b3+
53. Kb1 Qe1+ 54. Rc1 Qxc1# 0-1

[Event "NK senioren en veteranen 2017"]
[Site "Dieren, Netherlands"]
[Date "2017.07.18"]
[Round "4"]
[White "Jonkman, Fokke"]
[Black "Etmans, Maarten"]
[Result "1/2-1/2"]
[WhiteElo "2021"]
[BlackElo "2035"]
[PlyCount "32"]
[EventDate "2017.??.??"]

1. c4 e5 2. Nc3 Bb4 3. Nf3 Bxc3 4. bxc3 Nc6 5. e4 d6 6. Be2 Nf6 7. d3 h6 8. Rb1
O-O 9. O-O Ne7 10. Ne1 Ng6 11. g3 Bh3 12. Ng2 Qc8 13. Re1 Bxg2 14. Kxg2 c6 15.
Qb3 b6 16. Bf3 Rd8 1/2-1/2

[Event "NK senioren en veteranen 2017"]
[Site "Dieren, Netherlands"]
[Date "2017.07.18"]
[Round "4"]
[White "Erwich, Frans"]
[Black "Landsbergen, Ron"]
[Result "1/2-1/2"]
[WhiteElo "1906"]
[BlackElo "1969"]
[PlyCount "75"]
[EventDate "2017.??.??"]

1. Nf3 Nf6 2. g3 g6 3. Bg2 Bg7 4. O-O O-O 5. d3 d5 6. Nbd2 c5 7. e4 dxe4 8.
dxe4 Nc6 9. Qe2 Bg4 10. c3 Ne5 11. h3 Bxf3 12. Nxf3 Qd3 13. Qxd3 Nxd3 14. Nd2
Rfd8 15. Nc4 Nxc1 16. Raxc1 Rd7 17. Rcd1 Rad8 18. Rxd7 Rxd7 19. e5 Ne8 20. a4
Kf8 21. f4 b6 22. g4 Nc7 23. f5 gxf5 24. gxf5 f6 25. e6 Rd8 26. Bf3 Bh6 27. Kf2
Ne8 28. Ke2 Bg5 29. h4 Bh6 30. Be4 Ng7 31. Kf3 Ne8 32. Rg1 Ng7 33. Kg4 Ne8 34.
Rf1 Nd6 35. Rd1 Rc8 36. Nxd6 Rd8 37. Bf3 Rxd6 38. Rxd6 1/2-1/2

[Event "NK senioren en veteranen 2017"]
[Site "Dieren, Netherlands"]
[Date "2017.07.18"]
[Round "4"]
[White "Mostertman, Loek"]
[Black "Gielen, Wim"]
[Result "1-0"]
[WhiteElo "1961"]
[BlackElo "1932"]
[PlyCount "77"]
[EventDate "2017.??.??"]

1. d4 f5 2. e4 fxe4 3. Nc3 Nf6 4. f3 Nc6 5. fxe4 e5 6. d5 Nd4 7. Nf3 Nxf3+ 8.
Qxf3 Bc5 9. Na4 Bd6 10. Bd3 O-O 11. Qe2 c6 12. c4 Bb4+ 13. Nc3 Bxc3+ 14. bxc3
d6 15. h3 Bd7 16. Rb1 Rb8 17. Be3 c5 18. O-O Qa5 19. g4 Qxc3 20. Rb3 Qa5 21. g5
Bxh3 22. gxf6 Bxf1 23. Kxf1 Rxf6+ 24. Kg2 Qc7 25. Rb1 Rbf8 26. Rh1 Rg6+ 27. Kh2
Qe7 28. Qh5 Rff6 29. Rg1 Rxg1 30. Kxg1 Rg6+ 31. Kh2 Qf6 32. Be2 a6 33. a4 Qd8
34. Bg4 Kh8 35. Bf5 Rh6 36. Bxh6 gxh6 37. Qxh6 Qe7 38. a5 Kg8 39. Qe6+ 1-0

[Event "NK senioren en veteranen 2017"]
[Site "Dieren, Netherlands"]
[Date "2017.07.19"]
[Round "5"]
[White "Schouten, Henk"]
[Black "Van Rijn, Anton"]
[Result "1/2-1/2"]
[WhiteElo "2103"]
[BlackElo "2163"]
[PlyCount "92"]
[EventDate "2017.??.??"]

1. e4 d6 2. d4 Nf6 3. Nc3 g6 4. f4 Bg7 5. Nf3 O-O 6. Bd3 Nc6 7. a3 Bg4 8. Be2
d5 9. e5 Ne4 10. O-O f6 11. Be3 Bh6 12. Qc1 Qd7 13. Nd1 Nd8 14. Nf2 Bh5 15. Qd1
Ne6 16. g3 Ng7 17. Nh4 Bxe2 18. Qxe2 Nxf2 19. Rxf2 f5 20. Nf3 a6 21. c4 Rfd8
22. Rc1 Ne6 23. h4 dxc4 24. Rxc4 Rac8 25. h5 Qd5 26. Rh2 Bg7 27. Kf2 c5 28.
dxc5 b5 29. Rc2 Nxc5 30. Bxc5 Rxc5 31. hxg6 hxg6 32. Rh1 Rxc2 33. Qxc2 e6 34.
Rc1 a5 35. Qc6 Bf8 36. Qxd5 Rxd5 37. Ke2 Bh6 38. Rc8+ Kf7 39. Rc7+ Kf8 40. Rh7
Bg7 41. Ng5 Kg8 42. Ke3 b4 43. axb4 axb4 44. Rh2 Ra5 45. Nxe6 Bxe5 46. Kd3 Bf6
1/2-1/2

[Event "NK senioren en veteranen 2017"]
[Site "Dieren, Netherlands"]
[Date "2017.07.19"]
[Round "5"]
[White "Perrenet, Jacob"]
[Black "Overeem, Marc"]
[Result "0-1"]
[WhiteElo "2086"]
[BlackElo "2204"]
[PlyCount "38"]
[EventDate "2017.??.??"]

1. Nc3 d5 2. d4 Nf6 3. Bg5 Bf5 4. f3 Nbd7 5. Nxd5 Nxd5 6. e4 h6 7. Bh4 Ne3 8.
Qd3 Nxf1 9. exf5 Nc5 10. Qb5+ c6 11. Qxc5 Ne3 12. Kf2 Nxf5 13. Qxf5 Qxd4+ 14.
Kf1 Qxh4 15. Rd1 e6 16. Qe5 Rd8 17. Re1 Qd4 18. Qe2 Qxb2 19. g3 Bb4 0-1

[Event "NK senioren en veteranen 2017"]
[Site "Dieren, Netherlands"]
[Date "2017.07.19"]
[Round "5"]
[White "Van Lanen, Toon"]
[Black "Van den Berg, Ad"]
[Result "1/2-1/2"]
[WhiteElo "2108"]
[BlackElo "2210"]
[PlyCount "95"]
[EventDate "2017.??.??"]

1. e4 c5 2. c3 b6 3. d4 Bb7 4. Bd3 Nf6 5. Qe2 cxd4 6. cxd4 Nc6 7. Nf3 Nb4 8. d5
Nxd3+ 9. Qxd3 g6 10. Nc3 d6 11. Bg5 Bg7 12. O-O O-O 13. Rac1 h6 14. Be3 Qd7 15.
Nd4 Ng4 16. Bd2 Rac8 17. f4 Ba6 18. Qxa6 Bxd4+ 19. Kh1 Nf2+ 20. Rxf2 Bxf2 21.
Qd3 b5 22. Rf1 Bc5 23. f5 g5 24. f6 exf6 25. Nxb5 Rb8 26. Nd4 Rxb2 27. Bc3 Bxd4
28. Qxd4 Rc2 29. Qxf6 Rxc3 30. Qxc3 Re8 31. Qf6 Rxe4 32. Qxh6 Qe7 33. Qh3 Qe5
34. Qc8+ Kg7 35. Qb7 Rf4 36. Rg1 a5 37. h3 Rd4 38. Rf1 Qxd5 39. Qb2 f6 40. a3
a4 41. Qc3 Qc5 42. Qb2 Qc4 43. Re1 Rf4 44. Qb7+ Kh6 45. Qe7 Rf1+ 46. Rxf1 Qxf1+
47. Kh2 Qf4+ 48. Kh1 1/2-1/2

[Event "NK senioren en veteranen 2017"]
[Site "Dieren, Netherlands"]
[Date "2017.07.19"]
[Round "5"]
[White "Etmans, Maarten"]
[Black "Smeets, Pierre"]
[Result "1/2-1/2"]
[WhiteElo "2035"]
[BlackElo "1997"]
[PlyCount "25"]
[EventDate "2017.??.??"]

1. e4 e6 2. d4 d5 3. Nc3 Nf6 4. exd5 exd5 5. Bd3 Bb4 6. Bg5 O-O 7. Qf3 Bg4 8.
Qxg4 Nxg4 9. Bxd8 Rxd8 10. Nge2 c6 11. O-O Nd7 12. h3 Ngf6 13. Nd1 1/2-1/2

[Event "NK senioren en veteranen 2017"]
[Site "Dieren, Netherlands"]
[Date "2017.07.19"]
[Round "5"]
[White "Schouten, Nico"]
[Black "Selten, Jan"]
[Result "0-1"]
[WhiteElo "2159"]
[BlackElo "2124"]
[PlyCount "94"]
[EventDate "2017.??.??"]

1. d4 c5 2. dxc5 e6 3. e3 Bxc5 4. Nf3 Nf6 5. Be2 O-O 6. O-O d5 7. b3 Nc6 8. Bb2
Qe7 9. c4 Rd8 10. Nbd2 e5 11. cxd5 Nxd5 12. Qc2 Ndb4 13. Qc3 Bg4 14. Nxe5 Nxe5
15. Bxg4 Nbd3 16. Bf5 Bb4 17. Bxh7+ Kxh7 18. Qc2 Bxd2 19. Qxd2 Nxb2 20. Qxb2
Kg8 21. Qe2 Rd6 22. Rac1 Rad8 23. Rc2 Qd7 24. h3 a6 25. Qh5 Rd1 26. Rxd1 Qxd1+
27. Qxd1 Rxd1+ 28. Kh2 Nc6 29. g4 Kf8 30. h4 Ke7 31. Kg3 Kd6 32. h5 Nb4 33. Rc8
Ke6 34. Rg8 Rg1+ 35. Kf3 Kf6 36. Rb8 Nc6 37. Rxb7 Ne5+ 38. Ke2 Nxg4 39. Rb6+
Kg5 40. f3 Rg2+ 41. Kd3 Ne5+ 42. Ke4 Nd7 43. f4+ Kxh5 44. Rd6 Nf6+ 45. Kf5 Rxa2
46. b4 Ng4 47. Rd7 g6+ 0-1

[Event "NK senioren en veteranen 2017"]
[Site "Dieren, Netherlands"]
[Date "2017.07.19"]
[Round "5"]
[White "Homs, Guust"]
[Black "Jonkman, Fokke"]
[Result "1/2-1/2"]
[WhiteElo "2187"]
[BlackElo "2021"]
[PlyCount "54"]
[EventDate "2017.??.??"]

1. e4 c5 2. c3 e6 3. d4 d5 4. exd5 exd5 5. Nf3 Nc6 6. Be2 Bd6 7. O-O Nge7 8.
dxc5 Bxc5 9. Nbd2 O-O 10. Nb3 Bb6 11. Bf4 Ng6 12. Bg3 f5 13. h3 f4 14. Bh2 Nge5
15. Nxe5 Nxe5 16. Nd4 Nc6 17. Nb3 Kh8 18. Bf3 Be6 19. Re1 Bg8 20. Qd2 Qh4 21.
Re2 Rad8 22. Nd4 Qf6 23. Rae1 Nxd4 24. cxd4 Bxd4 25. Rd1 Bb6 26. b3 Bc7 27. Qd4
Bb6 1/2-1/2

[Event "NK senioren en veteranen 2017"]
[Site "Dieren, Netherlands"]
[Date "2017.07.19"]
[Round "5"]
[White "Landsbergen, Ron"]
[Black "Sprinkhuizen, Arno"]
[Result "0-1"]
[WhiteElo "1969"]
[BlackElo "2026"]
[PlyCount "95"]
[EventDate "2017.??.??"]

1. d4 Nf6 2. Nf3 g6 3. g3 Bg7 4. Bg2 O-O 5. O-O d5 6. Nbd2 Nbd7 7. c4 c6 8.
cxd5 cxd5 9. h3 Qb6 10. Qb3 Qxb3 11. Nxb3 b6 12. e3 a5 13. Bd2 Ba6 14. Rfe1 Ne4
15. Bf1 Bc4 16. Rad1 Rac8 17. Nc1 e5 18. b3 Bxf1 19. Kxf1 Rc2 20. dxe5 Nxe5 21.
Nxe5 Bxe5 22. Re2 Rfc8 23. Nd3 Bxg3 24. Bxa5 bxa5 25. Rxc2 Rxc2 26. fxg3 Nxg3+
27. Kg1 Ne2+ 28. Kf1 Rxa2 29. Nf2 Ng3+ 30. Kg1 Ne4 31. Ng4 f5 32. Ne5 Nd2 33.
Nc6 Nf3+ 34. Kf1 Nd2+ 35. Ke1 Nf3+ 36. Kf1 Nd2+ 37. Ke1 Nxb3 38. Rxd5 a4 39.
Rd7 Nc5 40. Ra7 Nd3+ 41. Kf1 a3 42. Ne7+ Kf8 43. Nd5 Rf2+ 44. Kg1 a2 45. Nf6
Rd2 46. Nxh7+ Ke8 47. Nf6+ Kd8 48. Nd5 0-1

[Event "NK senioren en veteranen 2017"]
[Site "Dieren, Netherlands"]
[Date "2017.07.19"]
[Round "5"]
[White "Mostertman, Loek"]
[Black "Hoogland, Dirk"]
[Result "1/2-1/2"]
[WhiteElo "1961"]
[BlackElo "2084"]
[PlyCount "83"]
[EventDate "2017.??.??"]

1. e4 c5 2. Nf3 g6 3. c3 Bg7 4. d4 cxd4 5. Bc4 d3 6. Qxd3 Nc6 7. a4 Nf6 8. h3
d6 9. O-O O-O 10. Bf4 Qc7 11. Na3 a6 12. Rad1 Nd7 13. Qe3 Qb6 14. Qxb6 Nxb6 15.
Bb3 Na5 16. Bc2 Be6 17. Be3 Nbc4 18. Nxc4 Bxc4 19. Rfe1 b5 20. Bd4 Rfc8 21.
Bxg7 Kxg7 22. e5 dxe5 23. Nxe5 Be6 24. Be4 Ra7 25. axb5 axb5 26. Ra1 f6 27. b4
fxe5 28. Rxa5 Rxa5 29. bxa5 Rc4 30. Bb7 Rxc3 31. Ra1 b4 32. a6 b3 33. a7 b2 34.
Rb1 Rc1+ 35. Kh2 Rxb1 36. a8=Q Ra1 37. Qe8 b1=Q 38. Qxe7+ Bf7 39. Qxe5+ Kh6 40.
Qf4+ Kg7 41. Qe5+ Kh6 42. Qf4+ 1/2-1/2

[Event "NK senioren en veteranen 2017"]
[Site "Dieren, Netherlands"]
[Date "2017.07.19"]
[Round "5"]
[White "Gielen, Wim"]
[Black "Erwich, Frans"]
[Result "1-0"]
[WhiteElo "1932"]
[BlackElo "1906"]
[PlyCount "73"]
[EventDate "2017.??.??"]

1. f4 d5 2. Nf3 g6 3. e3 Bg7 4. Be2 c5 5. O-O Nc6 6. d3 Nf6 7. Nc3 O-O 8. Ne5
Qc7 9. Nxc6 Qxc6 10. Bf3 Rd8 11. Qe2 Qc7 12. e4 dxe4 13. dxe4 e5 14. f5 h6 15.
Be3 b6 16. fxg6 fxg6 17. Nd5 Rxd5 18. exd5 e4 19. Bxe4 Nxe4 20. Bxh6 Bxh6 21.
Qxe4 Bf5 22. Rxf5 gxf5 23. Qe6+ Kg7 24. d6 Qf7 25. Qe5+ Qf6 26. Qg3+ Qg5 27.
Qe5+ Qf6 28. Qg3+ Kf7 29. Re1 Qd4+ 30. Kh1 Rg8 31. Qf3 Kf6 32. Rd1 Qg4 33. Qd5
Bf4 34. d7 Rd8 35. Re1 Qh5 36. Qe6+ Kg5 37. Qe7+ 1-0

[Event "NK senioren en veteranen 2017"]
[Site "Dieren, Netherlands"]
[Date "2017.07.20"]
[Round "6"]
[White "Overeem, Marc"]
[Black "Van Rijn, Anton"]
[Result "1-0"]
[WhiteElo "2204"]
[BlackElo "2163"]
[PlyCount "87"]
[EventDate "2017.??.??"]

1. c4 c5 2. Nf3 g6 3. d4 cxd4 4. Nxd4 Bg7 5. e4 Nc6 6. Be3 Nf6 7. Nc3 d6 8. Be2
O-O 9. O-O Bd7 10. Qd2 Nxd4 11. Bxd4 Bc6 12. f3 a5 13. b3 Nd7 14. Bf2 Nc5 15.
Rab1 Be5 16. Rfd1 e6 17. Nb5 Bxb5 18. cxb5 Qf6 19. g3 Rfc8 20. Rbc1 b6 21. Rc2
Qe7 22. Qe3 Rd8 23. Rcd2 Bg7 24. Bc4 Rac8 25. Qe2 Be5 26. Kg2 Bc3 27. Rc2 Be5
28. a3 Qb7 29. b4 axb4 30. axb4 Nd7 31. Rdc1 Bg7 32. Bb3 Rxc2 33. Qxc2 Bf6 34.
Qc6 Qb8 35. Rd1 Be7 36. Ra1 Kf8 37. Ra6 Ne5 38. Qxb6 Qc8 39. Qd4 Qc1 40. Ra1
Qc7 41. f4 Bf6 42. fxe5 Bxe5 43. Ra7 Qc1 44. Qe3 1-0

[Event "NK senioren en veteranen 2017"]
[Site "Dieren, Netherlands"]
[Date "2017.07.20"]
[Round "6"]
[White "Schouten, Henk"]
[Black "Van Lanen, Toon"]
[Result "1/2-1/2"]
[WhiteElo "2103"]
[BlackElo "2108"]
[PlyCount "113"]
[EventDate "2017.??.??"]

1. e4 c6 2. d4 g6 3. f4 d5 4. e5 h5 5. Nf3 Nh6 6. Bd3 Na6 7. c3 Nc7 8. Nbd2 Bf5
9. Nf1 Qd7 10. Ne3 Bxd3 11. Qxd3 Ng4 12. h3 Nxe3 13. Bxe3 Bh6 14. O-O-O Ne6 15.
Qd2 Nc7 16. Rdg1 O-O-O 17. g4 f5 18. Nh4 hxg4 19. hxg4 Rhg8 20. Qc2 e6 21. Rg2
Qf7 22. Nf3 Rh8 23. Rgh2 Bg7 24. Ng5 Qe7 25. Rxh8 Rxh8 26. Rxh8+ Bxh8 27. Qh2
Qg7 28. gxf5 gxf5 29. Qh5 Kd7 30. Bf2 Qf8 31. Bh4 Bg7 32. Qg6 Bh6 33. Kc2 Qg7
34. Qxg7+ Bxg7 35. Nf3 Ke8 36. Kd3 Bh6 37. Bg5 Bf8 38. Ke3 c5 39. Kd3 Kd7 40.
Nh4 Ke8 41. Ng6 cxd4 42. Nxf8 Kxf8 43. Kxd4 Ke8 44. a4 Kd7 45. Bh6 Kc6 46. Bf8
a6 47. Bd6 Ne8 48. Bf8 b6 49. Bh6 b5 50. a5 b4 51. c4 Nc7 52. b3 dxc4 53. Kxc4
Nd5 54. Bg5 Kd7 55. Kc5 Kc7 56. Bh6 Kd7 57. Bg5 1/2-1/2

[Event "NK senioren en veteranen 2017"]
[Site "Dieren, Netherlands"]
[Date "2017.07.20"]
[Round "6"]
[White "Smeets, Pierre"]
[Black "Van den Berg, Ad"]
[Result "0-1"]
[WhiteElo "1997"]
[BlackElo "2210"]
[PlyCount "58"]
[EventDate "2017.??.??"]

1. Nf3 e6 2. c4 f5 3. g3 Nf6 4. Bg2 d5 5. O-O Bd6 6. b3 Qe7 7. d3 c6 8. Nc3 O-O
9. Qc2 Nbd7 10. e4 fxe4 11. dxe4 dxc4 12. bxc4 e5 13. h3 Nb6 14. Nd1 Be6 15.
Nb2 Nfd7 16. Ng5 Bc5 17. h4 Bd4 18. Rb1 Nc5 19. Kh2 Rad8 20. Be3 Bxe3 21. fxe3
h6 22. Nxe6 Nxe6 23. Bh3 Nc5 24. Bf5 Rf6 25. h5 Rfd6 26. Rf2 Qg5 27. Qe2 Nbd7
28. Rd1 Nf6 29. Rxd6 Rxd6 0-1

[Event "NK senioren en veteranen 2017"]
[Site "Dieren, Netherlands"]
[Date "2017.07.20"]
[Round "6"]
[White "Sprinkhuizen, Arno"]
[Black "Etmans, Maarten"]
[Result "1-0"]
[WhiteElo "2026"]
[BlackElo "2035"]
[PlyCount "137"]
[EventDate "2017.??.??"]

1. e4 g6 2. d4 c6 3. Nf3 d5 4. e5 Bg4 5. Be2 e6 6. Nbd2 h5 7. h3 Bf5 8. Nf1 h4
9. c3 Nd7 10. Bg5 Be7 11. Bxe7 Nxe7 12. Ne3 Kf8 13. Qd2 Kg7 14. Nxf5+ Nxf5 15.
O-O-O c5 16. Bd3 cxd4 17. cxd4 Nb6 18. Kb1 Rc8 19. Rc1 Nc4 20. Qb4 Qe7 21. Qxe7
Nxe7 22. b3 Na5 23. Rxc8 Nxc8 24. Rc1 Nc6 25. Ba6 Na5 26. Bb5 a6 27. Bd3 Ne7
28. Rc7 Nec6 29. Kb2 Re8 30. Kc3 Re7 31. Rxe7 Nxe7 32. Kb4 Nac6+ 33. Kc5 f6 34.
exf6+ Kxf6 35. Nxh4 e5 36. dxe5+ Nxe5 37. Be2 Ke6 38. f4 Nd7+ 39. Kd4 Nc6+ 40.
Ke3 Kf6 41. Bd3 d4+ 42. Kf2 Ne7 43. g4 Nc5 44. Bb1 d3 45. b4 Ne6 46. Bxd3 Nxf4
47. Bf1 Nc6 48. a3 Ke5 49. Nf3+ Ke4 50. Nd2+ Kd4 51. Nb3+ Kc3 52. Nc5 Nd8 53.
Ke3 Nd5+ 54. Ke4 Nc7 55. Ke5 Ne8 56. Bg2 b6 57. Na4+ Kb3 58. Nxb6 Kxa3 59. Nd5
Nc6+ 60. Ke6 Nxb4 61. Nxb4 Kxb4 62. Kf7 Nd6+ 63. Kxg6 a5 64. Bc6 Nb5 65. h4 a4
66. h5 a3 67. Bd5 Nd4 68. h6 Nb3 69. Bxb3 1-0

[Event "NK senioren en veteranen 2017"]
[Site "Dieren, Netherlands"]
[Date "2017.07.20"]
[Round "6"]
[White "Schouten, Nico"]
[Black "Homs, Guust"]
[Result "1/2-1/2"]
[WhiteElo "2159"]
[BlackElo "2187"]
[PlyCount "217"]
[EventDate "2017.??.??"]

1. d4 d5 2. c4 e6 3. Nc3 Nf6 4. Bg5 Nbd7 5. e3 Be7 6. Nf3 O-O 7. Qc2 a6 8. b3
b6 9. Be2 Bb7 10. O-O Rc8 11. Rfd1 c5 12. Qb2 Re8 13. Rac1 dxc4 14. bxc4 cxd4
15. exd4 Qc7 16. Bh4 Bd6 17. Bg3 Bxg3 18. hxg3 Red8 19. Na4 Rb8 20. Qa3 Rbc8
21. Nb2 Re8 22. Nd3 Red8 23. Nde5 Nxe5 24. Nxe5 Nd7 25. Nxd7 Rxd7 26. Qe3 Rcd8
27. Rb1 Rd6 28. c5 bxc5 29. dxc5 Rxd1+ 30. Rxd1 Rc8 31. Rc1 a5 32. a3 Bc6 33.
Qc3 h6 34. Bf3 Bxf3 35. gxf3 Kh7 36. c6 h5 37. Kg2 g6 38. Qc5 Kg7 39. Qd4+ Kg8
40. Rc5 Rd8 41. Qc4 Rc8 42. Qa6 Kg7 43. a4 Kf6 44. Qb7 Kg7 45. Rxa5 Qxc6 46.
Qb2+ Qc3 47. Qb5 Qe1 48. Qe5+ Qxe5 49. Rxe5 Rc2 50. Ra5 Ra2 51. f4 Ra3 52. Ra7
Kf6 53. a5 Kg7 54. a6 Kf6 55. Ra8 Kg7 56. a7 Kf6 57. Kh3 Ra1 58. Kg2 Kf5 59.
Rb8 Rxa7 60. Rb5+ Kf6 61. Rc5 Ra4 62. Rc3 h4 63. Kh3 hxg3 64. fxg3 g5 65. fxg5+
Kxg5 66. Rc7 f6 67. Re7 e5 68. Re8 Ra2 69. Re7 Rf2 70. Ra7 Kf5 71. Ra4 Rd2 72.
Ra6 Rf2 73. Ra4 e4 74. Ra5+ Ke6 75. g4 Rf3+ 76. Kg2 Rd3 77. Ra8 Ke5 78. Re8+
Kf4 79. Re6 Rg3+ 80. Kf1 Rf3+ 81. Ke2 Kxg4 82. Rxe4+ Rf4 83. Re8 Ra4 84. Rg8+
Kf4 85. Kf2 f5 86. Rb8 Ra2+ 87. Kg1 Kg3 88. Rb3+ Kg4 89. Rb8 f4 90. Rb3 Re2 91.
Rb8 Kg3 92. Rg8+ Kf3 93. Rf8 Re1+ 94. Kh2 Rf1 95. Rf7 Ke2 96. Rf8 f3 97. Re8+
Kf2 98. Ra8 Re1 99. Ra3 Re8 100. Ra2+ Re2 101. Ra3 Kf1+ 102. Kh1 f2 103. Kh2
Rd2 104. Ra1+ Ke2 105. Kg2 Rc2 106. Rb1 Rd2 107. Ra1 Ke3 108. Ra3+ Ke2 109. Ra1
1/2-1/2

[Event "NK senioren en veteranen 2017"]
[Site "Dieren, Netherlands"]
[Date "2017.07.20"]
[Round "6"]
[White "Jonkman, Fokke"]
[Black "Hoogland, Dirk"]
[Result "0-1"]
[WhiteElo "2021"]
[BlackElo "2084"]
[PlyCount "180"]
[EventDate "2017.??.??"]

1. c4 c5 2. Nf3 Nc6 3. d4 cxd4 4. Nxd4 g6 5. e4 Nf6 6. Nc3 d6 7. Be2 Nxd4 8.
Qxd4 Bg7 9. Be3 O-O 10. Qd2 Be6 11. O-O Qa5 12. b4 Qc7 13. Rac1 Rfc8 14. f3 Nd7
15. Nb5 Qb8 16. Nd4 Nf8 17. Nxe6 Nxe6 18. f4 Qc7 19. Bg4 Rf8 20. Rfd1 Rfd8 21.
Qf2 b6 22. f5 Nf8 23. Rf1 Bf6 24. Bd4 Bxd4 25. Qxd4 Nd7 26. fxg6 hxg6 27. Bxd7
Qxd7 28. Rc3 Qe6 29. Qd5 Rac8 30. Rfc1 Kg7 31. Qd4+ f6 32. Qd5 Kf7 33. h3 Rd7
34. Kf2 Rdc7 35. Ke3 Rh8 36. c5 bxc5 37. bxc5 Rh5 38. Qxe6+ Kxe6 39. cxd6 Rxc3+
40. Rxc3 Kxd6 41. Rd3+ Ke6 42. Ra3 a5 43. Ra4 Rb5 44. h4 Rc5 45. g3 Ke5 46. Kf3
Ke6 47. Kf4 Kf7 48. Kg4 Kg7 49. Kf4 Kh6 50. Kg4 e6 51. Kh3 g5 52. Ra3 gxh4 53.
gxh4 Re5 54. Ra4 Kh5 55. Kg3 Rc5 56. Ra3 Re5 57. Ra4 Rb5 58. Ra3 Rc5 59. Kh3
Kg6 60. Ra4 f5 61. exf5+ Kxf5 62. Kg3 e5 63. Kf3 Rc3+ 64. Ke2 Rh3 65. Rxa5 Rxh4
66. a4 Ke4 67. Ra8 Rh2+ 68. Kf1 Ke3 69. Rb8 Ra2 70. Rb3+ Kf4 71. Rb4+ e4 72.
Rb8 Rxa4 73. Rf8+ Ke3 74. Re8 Rd4 75. Re7 Rd1+ 76. Kg2 Kd3 77. Kf2 Rd2+ 78. Ke1
Ra2 79. Rd7+ Ke3 80. Kd1 Ra1+ 81. Kc2 Ke2 82. Kb2 Ra5 83. Kc3 e3 84. Re7 Ra3+
85. Kc2 Ke1 86. Rh7 e2 87. Rh1+ Kf2 88. Rh2+ Kf1 89. Rh1+ Kg2 90. Rb1 Kf2 0-1

[Event "NK senioren en veteranen 2017"]
[Site "Dieren, Netherlands"]
[Date "2017.07.20"]
[Round "6"]
[White "Gielen, Wim"]
[Black "Landsbergen, Ron"]
[Result "1-0"]
[WhiteElo "1932"]
[BlackElo "1969"]
[PlyCount "89"]
[EventDate "2017.??.??"]

1. f4 Nf6 2. Nf3 g6 3. e3 Bg7 4. Be2 O-O 5. O-O c5 6. d3 d5 7. Nc3 Nc6 8. Ne5
d4 9. Nxc6 bxc6 10. Na4 Qa5 11. c3 Nd5 12. e4 Nb6 13. Nxb6 axb6 14. c4 b5 15.
Bd2 Qc7 16. b3 Bd7 17. Bf3 Rfb8 18. Qc2 Ra3 19. e5 b4 20. Be4 Rba8 21. Rf2 Qa7
22. Bc1 Ra6 23. Qe2 Qc7 24. g4 Kh8 25. Qf3 R6a7 26. Qh3 Kg8 27. Qg2 Rf8 28. h4
f5 29. exf6 Bxf6 30. g5 Bg7 31. Qf3 Ra6 32. h5 Bf5 33. hxg6 hxg6 34. a4 bxa3
35. Rxa3 Rxa3 36. Bxa3 Qa5 37. Ra2 Qe1+ 38. Kg2 Qb1 39. Re2 Qxb3 40. Bxc5 Rf7
41. Bxf5 Rxf5 42. Bxe7 Ra5 43. Qe4 Qd1 44. Bd6 Ra1 45. Qe6+ 1-0